[Event "FRA-chT1 1011"]
[Site "France"]
[Date "2010.11.13"]
[Round "2.7"]
[White "Degand, Alain"]
[Black "Maisuradze, Nino"]
[Result "0-1"]
[WhiteElo "1916"]
[BlackElo "2268"]
[PlyCount "144"]
[EventDate "2010.10.17"]
[EventType "team-tourn"]
[EventRounds "11"]
[EventCountry "FRA"]
[SourceTitle "EXT 2012"]
[Source "ChessBase"]
[SourceDate "2011.11.24"]
[SourceVersion "1"]
[SourceVersionDate "2011.11.24"]
[SourceQuality "1"]

1. d4 d5 2. Nf3 Nf6 3. Bf4 e6 4. e3 b6 5. Bd3 Bb7 6. Nbd2 Nbd7 7. c3 Ne4 8. h3 Be7 9. 0-0 0-0 10. Qc2 f5 11. Ne5 Ndf6 12. f3 Nd6 13. Rae1 c5 14. Qb1 Nh5 15. Bh2 Bh4 16. Re2 Bg3 17. Rc1 Nf7 18. Nxf7 Rxf7 19. Nf1 Bxh2+ 20. Kxh2 Qd6+ 21. f4 g5 22. g3 gxf4 23. exf4 cxd4 24. cxd4 Nxf4 25. gxf4 Qxf4+ 26. Ng3 Rg7 27. Rg1 Qxd4 28. Bxf5 exf5 29. Qxf5 Rf8 30. Qe6+ Kh8 31. Reg2 Rfg8 32. Nh5 Rxg2+ 33. Rxg2 Rxg2+ 34. Kxg2 Qd2+ 35. Kg3 Qg5+ 36. Qg4 Qxg4+ 37. hxg4 Kg8 38. Kf4 Kf7 39. Ng3 d4 40. Nf5 d3 41. Ne3 d2 42. Nd1 Kg6 43. Nf2 Bc8 44. Ke3 Bxg4 45. Kxd2 h5 46. Ke3 Kf5 47. Ne4 h4 48. Nd2 h3 49. Nf1 Ke5 50. Nh2 Bh5 51. Nf1 Bf7 52. a3 Kd5 53. Kd3 Bg6+ 54. Kd2 Ke4 55. Ke2 Bh5+ 56. Kf2 Kd3 57. Kg3 Kc2 58. Kxh3 Kxb2 59. Kg3 Kxa3 60. Kf2 Kb2 61. Ke3 Kc3 62. Ng3 Bg6 63. Ne2+ Kc4 64. Kd2 a5 65. Kc1 Bd3 66. Nf4 b5 67. Kb2 b4 68. Ng2 a4 69. Ne3+ Kd4 70. Nd1 a3+ 71. Kc1 b3 72. Kd2 a2 0-1

[Event "FRA-chT2 Nord 0708"]
[Site "France"]
[Date "2008.01.20"]
[Round "6.7"]
[White "Degand, Alain"]
[Black "Demarre, Jacques"]
[Result "1-0"]
[WhiteElo "1976"]
[BlackElo "2196"]
[PlyCount "119"]
[EventDate "2007.10.21"]
[EventType "team"]
[EventRounds "11"]
[EventCountry "FRA"]
[SourceTitle "EXT 2009"]
[Source "ChessBase"]
[SourceDate "2008.11.26"]
[SourceVersion "1"]
[SourceVersionDate "2008.11.26"]
[SourceQuality "1"]
[WhiteTeam "Arras"]
[BlackTeam "Issy les Moulineaux"]
[WhiteTeamCountry "FRA"]
[BlackTeamCountry "FRA"]

1. d4 Nf6 2. Nf3 g6 3. Bf4 Bg7 4. e3 d6 5. Be2 0-0 6. h3 Nbd7 7. 0-0 Qe8 8. c4 e5 9. Bh2 Qe7 10. Nc3 a6 11. Rc1 e4 12. Nd2 c6 13. Qc2 Re8 14. b4 b6 15. Nb3 Bb7 16. Rfd1 d5 17. c5 b5 18. a4 Nf8 19. Ra1 Qd7 20. axb5 axb5 21. Ra5 Rxa5 22. Nxa5 Ra8 23. Ra1 Ne8 24. Ra3 Ne6 25. Qa2 Ba6 26. Nxc6 Qxc6 27. Nxd5 Qb7 28. c6 Qa7 29. Bxb5 N8c7 30. Nxc7 Nxc7 31. Bxc7 Qxc7 32. Rxa6 Rxa6 33. Qxa6 Bf8 34. Qb7 Qxb7 35. cxb7 Bd6 36. g4 Kg7 37. Kg2 f5 38. Bc6 Kf6 39. f3 exf3+ 40. Kxf3 Ke6 41. gxf5+ gxf5 42. e4 fxe4+ 43. Kxe4 h6 44. Kd3 Bc7 45. Kc4 Kd6 46. Kb5 Bb8 47. Bf3 Kc7 48. Ka6 Kd6 49. Kb6 Kd7 50. Bg4+ Kd6 51. b5 Kd5 52. Bf3+ Kd6 53. d5 Kd7 54. Bg4+ Kd8 55. Kc6 Ke7 56. b6 Bf4 57. b8Q Bxb8 58. Kb7 Be5 59. Kc8 Kd6 60. Be6 1-0

[Event "FRA-chT2B 0506"]
[Site "France"]
[Date "2005.12.04"]
[Round "4.6"]
[White "Degand, Alain"]
[Black "Lopez, Jordi"]
[Result "0-1"]
[WhiteElo "1958"]
[BlackElo "2252"]
[PlyCount "84"]
[EventDate "2005.10.27"]
[EventType "team-tourn"]
[EventRounds "11"]
[EventCountry "FRA"]
[SourceTitle "EXT 2006"]
[Source "ChessBase"]
[SourceDate "2005.11.24"]
[SourceVersion "1"]
[SourceVersionDate "2005.11.24"]
[SourceQuality "1"]
[WhiteTeam "Arras"]
[BlackTeam "Paris NAO II"]
[WhiteTeamCountry "FRA"]
[BlackTeamCountry "FRA"]

1. d4 Nf6 2. Nf3 e6 3. Bf4 b6 4. e3 Bb7 5. Bd3 Be7 6. h3 Ne4 7. 0-0 0-0 8. Nbd2 f5 9. c3 d6 10. Qc2 Nxd2 11. Nxd2 Kh8 12. Bh2 Nd7 13. Be2 e5 14. Bf3 e4 15. Be2 Nf6 16. c4 c5 17. dxc5 dxc5 18. Rad1 Qe8 19. Nb1 Bc6 20. Nc3 Qf7 21. Rd2 Rad8 22. Rfd1 Rxd2 23. Rxd2 Ne8 24. Nd5 Bg5 25. Bf4 Bxf4 26. Nxf4 Qf6 27. Nh5 Qe7 28. Qc3 Kg8 29. Nf4 Nf6 30. h4 Nd7 31. g3 Ne5 32. Kg2 Re8 33. b3 h6 34. h5 Nd3 35. Nd5 Qg5 36. Bxd3 exd3 37. Qxd3 Qxh5 38. f3 Kh8 39. Nf4 Qxf3+ 40. Kh2 Rxe3 41. Qd8+ Kh7 42. Rg2 Re2 0-1

[Event "FRA-chT2 0304"]
[Site "France"]
[Date "2004.03.14"]
[Round "9"]
[White "Blanche, Paul"]
[Black "Degand, Alain"]
[Result "1-0"]
[WhiteElo "2019"]
[BlackElo "2054"]
[PlyCount "45"]
[EventDate "2003.10.??"]
[EventType "team"]
[EventRounds "11"]
[EventCountry "FRA"]
[SourceTitle "EXT 2005"]
[Source "ChessBase"]
[SourceDate "2004.11.15"]
[SourceVersion "1"]
[SourceVersionDate "2004.11.15"]
[SourceQuality "1"]

1. d4 Nf6 2. c4 g6 3. Nc3 Bg7 4. e4 d6 5. f4 0-0 6. Nf3 c5 7. d5 Bg4 8. Be2 Na6 9. 0-0 Nc7 10. Re1 Nd7 11. h3 Bxf3 12. Bxf3 a6 13. Qd3 Rb8 14. a4 h5 15. Be3 b6 16. Bf2 b5 17. axb5 axb5 18. cxb5 Bxc3 19. bxc3 Rxb5 20. c4 Rb4 21. e5 Kg7 22. Bh4 Rb6 23. exd6 1-0

[Event "FRA-chT2 0304"]
[Site "France"]
[Date "2004.02.01"]
[Round "7"]
[White "Degand, Alain"]
[Black "Hommeles, Theo"]
[Result "0-1"]
[WhiteElo "2054"]
[BlackElo "2375"]
[PlyCount "98"]
[EventDate "2003.10.??"]
[EventType "team"]
[EventRounds "11"]
[EventCountry "FRA"]
[SourceTitle "EXT 2005"]
[Source "ChessBase"]
[SourceDate "2004.11.15"]
[SourceVersion "1"]
[SourceVersionDate "2004.11.15"]
[SourceQuality "1"]

1. d3 d5 2. g3 Nf6 3. Bg2 e5 4. Nf3 Nc6 5. c3 a5 6. a4 Be7 7. Na3 0-0 8. 0-0 h6 9. Nb5 Be6 10. d4 e4 11. Ne1 Nb8 12. Nc2 c6 13. Nba3 Ne8 14. f4 f5 15. Ne3 Nd7 16. Qc2 Bf6 17. Rb1 Nd6 18. Rd1 Qb6 19. b4 axb4 20. Rxb4 Qa5 21. Qb3 c5 22. dxc5 Nxc5 23. Qc2 Nxa4 24. Nxd5 Bxd5 25. Rxa4 Qxa4 26. Qxa4 Rxa4 27. Rxd5 Nc4 28. Nxc4 Rxc4 29. Kf2 Bxc3 30. Be3 g6 31. h3 Bf6 32. Rb5 Rf7 33. Bb6 Rd7 34. Rb1 Bd4+ 35. Bxd4 Rcxd4 36. g4 Kg7 37. gxf5 gxf5 38. h4 R4d6 39. Bh3 Rf7 40. Rb5 Rdf6 41. h5 Kf8 42. Ke3 Ke8 43. Kd4 Kd8 44. Kc5 Kc7 45. Kb4 Rb6 46. e3 Rxb5+ 47. Kxb5 Kd6 48. Bf1 Rc7 49. Kb4 Rc1 0-1

[Event "Bethune op 24th"]
[Site "Bethune"]
[Date "2003.12.29"]
[Round "6"]
[White "Steenbekkers, Franck"]
[Black "Degand, Alain"]
[Result "1-0"]
[WhiteElo "2184"]
[BlackElo "2054"]
[PlyCount "42"]
[EventDate "2003.12.26"]
[EventType "swiss"]
[EventRounds "9"]
[EventCountry "FRA"]
[SourceTitle "CBM 098 Extra"]
[Source "ChessBase"]
[SourceDate "2004.03.10"]
[SourceVersion "2"]
[SourceVersionDate "2004.03.10"]
[SourceQuality "1"]

1. e4 d6 2. d4 c6 3. f4 Qc7 4. Nc3 Nd7 5. Nf3 e5 6. Bc4 Be7 7. 0-0 Ngf6 8. Kh1 0-0 9. dxe5 dxe5 10. fxe5 Nxe5 11. Nxe5 Qxe5 12. Bf4 Qc5 13. Bd3 Ng4 14. Qe1 Bf6 15. e5 Nxe5 16. Ne4 Nxd3 17. cxd3 Qd4 18. Bd6 Be5 19. Bxf8 Kxf8 20. Ng5 f6 21. Nf3 Qd5 1-0

[Event "Bethune op 24th"]
[Site "Bethune"]
[Date "2003.12.27"]
[Round "3"]
[White "Degand, Alain"]
[Black "Van der Weide, Karel"]
[Result "0-1"]
[WhiteElo "2054"]
[BlackElo "2427"]
[PlyCount "74"]
[EventDate "2003.12.26"]
[EventType "swiss"]
[EventRounds "9"]
[EventCountry "FRA"]
[SourceTitle "CBM 098 Extra"]
[Source "ChessBase"]
[SourceDate "2004.03.10"]
[SourceVersion "2"]
[SourceVersionDate "2004.03.10"]
[SourceQuality "1"]

1. d3 g6 2. c3 Bg7 3. Qc2 c5 4. e4 Nc6 5. Nf3 e5 6. Be2 Nge7 7. 0-0 0-0 8. Nbd2 d6 9. b3 h6 10. Bb2 Be6 11. a3 Rc8 12. Rac1 f5 13. c4 f4 14. Kh1 g5 15. Ng1 g4 16. Qd1 Qd7 17. f3 h5 18. Bc3 Ng6 19. b4 Nd8 20. Rb1 Nf7 21. Qb3 Rc7 22. bxc5 dxc5 23. Rfc1 Qe7 24. Qd1 Nh6 25. Rb2 Bf6 26. Rcb1 Bh4 27. Qf1 Bg3 28. h3 Bc8 29. fxg4 hxg4 30. Bxg4 Nxg4 31. hxg4 Qh7+ 32. Nh3 f3 33. Nxf3 Bxg4 34. Kg1 Rxf3 35. gxf3 Bxh3 36. Qd1 Rg7 37. Qa4 Nf8 0-1